Obálka Náhled e-knihy:
PDF Epub
Pro půjčování e-knih musíte být přihlášeni.
Jak si půjčit online?

Zachráněný koník /

Lucka musí kvůli nemoci do ozdravovny. V horách potká hříbě norika, které také potřebuje pomoc kvůli své nemoci. V doslovu je přidána informace o jednom z nejstarších koňských plemen - norickém tažném koni.

Uloženo v:
Série:Skutečné příběhy se šťastným koncem, část 1
Hlavní autor: Olivová, Jana (Autor)
Další autoři: Slánská, Zuzana (Autor)
Médium: E-kniha
Jazyk:Czech
Vydáno: V Praze : Fragment, 2023
Vydání:1. vydání
Edice:Skutečné příběhy se šťastným koncem
Témata:
Příbuzné jednotky:Z cyklu:: Skutečné příběhy se šťastným koncem
Tagy:
Žádné tagy
LEADER 02756nam a2200481 i 4500
001 311859
003 CZ PrSKC
005 20260601215713.0
007 ta
008 230309s2023 xr a b 000 j cze
015 |a cnb003505376 
020 |a 9788025356999  |q (vázáno) :  |c Kč 229,00 
035 |a (OCoLC)1378695055 
040 |a ABG001  |b cze  |e rda 
072 7 |a 821.162.3-3  |x Česká próza  |2 Konspekt 
072 7 |a 821-93  |x Literatura pro děti a mládež (beletrie)  |2 Konspekt 
080 |a 821.162.3-32  |2 MRF 
080 |a 821-93  |2 MRF 
080 |a (0:82-32)  |2 MRF 
100 1 |a Olivová, Jana  |7 ola20201069150  |4 aut 
245 1 0 |a Zachráněný koník /  |c Jana Olivová ; ilustrovala Zuzana Slánská 
250 |a 1. vydání 
264 1 |a V Praze :  |b Fragment,  |c 2023 
300 |a 116 stran :  |b ilustrace ;  |c 21 cm 
336 |a text  |b txt  |2 rdacontent 
337 |a bez média  |b n  |2 rdamedia 
338 |a svazek  |b nc  |2 rdacarrier 
490 1 |a Skutečné příběhy se šťastným koncem 
520 2 |a Lucka musí kvůli nemoci do ozdravovny. V horách potká hříbě norika, které také potřebuje pomoc kvůli své nemoci. V doslovu je přidána informace o jednom z nejstarších koňských plemen - norickém tažném koni.  |b Lucku odmalička trápí alergie. Když se její stav během léta zhorší, pošle ji pan doktor na tři týdny do ozdravovny v Krkonoších. Tady se Lucka spřátelí nejen se svými třemi spolubydlícími, ale také s Lunou - nemocným hříbátkem s krásnýma, ale smutnýma očima. Luna měla být vycvičena na těžkou práci v lese, tu však kvůli své vrozené nemoci dělat nemůže. Dokážou dívky vymyslet plán, jak nešťastného koníka zachránit? Najdou mu nový domov? Nakladatelská anotace. Kráceno. 
521 8 |a Pro čtenáře od 8 let 
655 7 |a české příběhy  |7 fd133973  |2 czenas 
655 7 |a publikace pro děti  |7 fd133156  |2 czenas 
655 9 |a Czech stories  |2 eczenas 
655 9 |a children's literature  |2 eczenas 
700 1 |a Slánská, Zuzana  |7 ola2018983306  |4 ill 
787 0 8 |i Z cyklu:  |t Skutečné příběhy se šťastným koncem  |g 1 
830 0 |a Skutečné příběhy se šťastným koncem 
900 |a ABA001  |b 21 
928 9 |a Albatros Media - Fragment 
044 |a xr 
910 |a RBIT002 
998 |d 368642  |a https://core.palmknihy.cz/api/books/368642/cover?si7lu2  |b https://core.palmknihy.cz/api/books/368642/cover/400?si7lu2  |c https://core.palmknihy.cz/api/books/368642/cover/50?si7lu2  |e 2033-12-31  |g 120  |i 9788025356999  |j https://core.palmknihy.cz/api/books/368642/preview.epub  |k https://core.palmknihy.cz/api/books/368642/preview.pdf  |l   |q 49  |r 1  |s https://www.palmknihy.cz/kniha/368642  |t ebook  |y 2023  |z 0  |v Skutečné příběhy se šťastným koncem  |w 1 
999 |d 311857